| 000 | 00361nam a22001457a 4500 | ||
|---|---|---|---|
| 082 |
_a343.01 _bMIL |
||
| 100 |
_aGale & Polden Ltd. _949225 |
||
| 245 | _aMilitary law (Banning) | ||
| 250 | _a19th ed. | ||
| 260 |
_aLondon _bGale & Polden ltd. |
||
| 300 | _axxii, 344 p. | ||
| 526 |
_a0 _b0 _c0 _d343_010000000000000_MIL |
||
| 650 |
_aMCE _9379 |
||
| 942 |
_2ddc _cBK |
||
| 999 |
_c552036 _d552036 |
||